The familiars / (Record no. 1798)

MARC details
000 -LEADER
fixed length control field 01242nam a22003257a 4500
005 - DATE AND TIME OF LATEST TRANSACTION
control field 20231002090554.0
020 ## - INTERNATIONAL STANDARD BOOK NUMBER
International Standard Book Number 9780545528801
040 ## - CATALOGING SOURCE
Original cataloging agency DLC
Transcribing agency DLC
Modifying agency DLC
Language of cataloging eng
050 00 - LIBRARY OF CONGRESS CALL NUMBER
Classification number PZ7.E72514
Item number Fam 2010
082 00 - DEWEY DECIMAL CLASSIFICATION NUMBER
Classification number [Fic]
Edition number 22
100 1# - MAIN ENTRY--PERSONAL NAME
Personal name Epstein, Adam Jay
245 14 - TITLE STATEMENT
Title The familiars /
Statement of responsibility, etc. Adam Jay Epstein, Andrew Jacobson ; art by Peter Chan & Kei Acedera.
260 ## - PUBLICATION, DISTRIBUTION, ETC.
Place of publication, distribution, etc. New York :
Name of publisher, distributor, etc. Scholastic,
Date of publication, distribution, etc. 2011
300 ## - PHYSICAL DESCRIPTION
Extent 360 pages :
Other physical details illustrations, maps ;
Dimensions 22 cm
505 ## - FORMATTED CONTENTS NOTE
Formatted contents note Q
520 ## - SUMMARY, ETC.
Summary, etc. When a scrappy alley cat named Aldwyn passes himself off as a magical animal companion to Jack, a young wizard in training, Aldwyn and his fellow "familiars," a know-it-all blue jay and bumbling tree frog, must save the kingdom after the evil queen of Vastia kidnaps Jack and two other wizards.
521 1# - TARGET AUDIENCE NOTE
Target audience note 920 <br/>
Source Lexile
521 1# - TARGET AUDIENCE NOTE
Target audience note Q <br/>
Source Raz-Plus
650 #1 - SUBJECT ADDED ENTRY--TOPICAL TERM
Topical term or geographic name entry element Cats
Form subdivision Fiction.
650 #1 - SUBJECT ADDED ENTRY--TOPICAL TERM
Topical term or geographic name entry element Magic
Form subdivision Fiction.
650 #1 - SUBJECT ADDED ENTRY--TOPICAL TERM
Topical term or geographic name entry element Wizards
Form subdivision Fiction.
650 #1 - SUBJECT ADDED ENTRY--TOPICAL TERM
Topical term or geographic name entry element Adventure and adventurers
Form subdivision Fiction.
650 #1 - SUBJECT ADDED ENTRY--TOPICAL TERM
Topical term or geographic name entry element Fantasy.
700 1# - ADDED ENTRY--PERSONAL NAME
Personal name Jacobson, Andrew.
700 1# - ADDED ENTRY--PERSONAL NAME
Personal name Chan, Peter,
Dates associated with a name 1967-
Relator term illustrator
700 1# - ADDED ENTRY--PERSONAL NAME
Personal name Acedera, Kei,
Relator term illustrator
906 ## - LOCAL DATA ELEMENT F, LDF (RLIN)
a 7
b cbc
c orignew
d 1
e ecip
f 20
g y-gencatlg
942 ## - ADDED ENTRY ELEMENTS (KOHA)
Source of classification or shelving scheme Dewey Decimal Classification
Koha item type Books
Suppress in OPAC No
999 ## -
-- 1798
-- 1798
Holdings
Withdrawn status Lost status Source of classification or shelving scheme Damaged status Not for loan Collection Home library Current library Shelving location Date acquired Total Checkouts Full call number Barcode Date last seen Price effective from Koha item type
    Dewey Decimal Classification     Juvenile Fiction Footprints International School Library Network Toul Kork Campus Footprints International School Library Network Toul Kork Campus A TK Campus, 4th Floor, Room B401, Fiction Bookcases (1-6) 10/02/2023   EPS Fic PZ7.E72514 FISTK00078 10/02/2023 10/02/2023 Books